| LEADER | 00467nam a22001692a 4500 | ||
|---|---|---|---|
| 001 | 000297080 | ||
| 003 | CZ BrMZK | ||
| 005 | 19980105143423.0 | ||
| 007 | ta | ||
| 008 | 980105s1992 xr f cze d | ||
| 040 | |a BOA001 |b cze | ||
| 100 | 1 | |a Fikar, Ladislav, |d 1920-1975 |7 jk01031107 | |
| 245 | 1 | 0 | |a Samotín |
| 260 | |a Praha, |c 1992 | ||
| 910 | |a BOA001 |b 1-0987.913 | ||
| 990 | |a BK | ||
| 996 | 6 | |b 2619866089 |c 1-0987.913 |l MZK |r Sklad / do 1 hodiny |n 73 |w 000297080 |u 000010 |a 1 |e BOA001 |j MZK50 |s P | |
English
Čeština 